004830000a22001690004500003001100000005001700011008004100028020001500069040003900084041000800123082001500131100001700146245003000163260006600193300003900259650001500298LK-CoMWRAF20231103004606.0230817t2000 ||||| |||| 00| 0 eng d a1861081685 aLK-CoMWRAFdLK-CoMWRAFeLK-CoMWRAF aeng a645.4bJAM aJames, David aUpholstery tips and hints aEast Sussex: bGuild of Master Craftsman Publications, c2000 a168 p. : ill. (some col.) ; 21 cm. aUPHOLSTERY